00309nam a22001337a 4500003000400000008004100004020001800045082001400063100001300077245003700090250001100127260002900138300000800167OSt240323b |||||||| |||| 00| 0 eng d a9789395161008 a547.3 KAS aKALSI,PS aSpectroscopy of Organic Compunds a9th Ed aNew DelhibNew Agec2023 a642